Guía para el almacenamiento de reactivos y eliminación de desechos de los laboratorios de la sede Rodrigo Facio de la Universidad de Costa Rica

Αποθηκεύτηκε σε:
Λεπτομέρειες βιβλιογραφικής εγγραφής
Κύριος συγγραφέας: Mata Bonilla, Efrem Roy
Μορφή: Βιβλίο
Έκδοση: San José, C.R. 1996
Θέματα:
Ετικέτες: Προσθήκη ετικέτας
Δεν υπάρχουν, Καταχωρήστε ετικέτα πρώτοι!

MARC

LEADER 00000nam a2200000Ia 4500
003 008153
005 20221231144234.0
008 140114s1996 cr a m 000 ||s d
040 |c cru CEDI 
090 |a TFG 3620 
100 |a Mata Bonilla, Efrem Roy  |9 9644 
245 |a Guía para el almacenamiento de reactivos y eliminación de desechos de los laboratorios de la sede Rodrigo Facio de la Universidad de Costa Rica 
260 |c 1996  |a  San José, C.R. 
300 |a  x, [171] hojas  
500 |a  Proyecto de graduación (licenciatura en ingeniería química)--Universidad de Costa Rica. Facultad de Ingeniería. Escuela de Ingeniería Química 
650 |x PRUEBAS QUIMICAS   |x RESIDUOS PELIGROSOS - MANIPULACION  |9 9645 
942 |c TFG 
999 |c 18902  |d 18902